ბათუმის შოთა რუსთაველის სახელმწიფო უნივერსიტეტის ბიბლიოთეკა

Основы высшей математики (ბიბ.ჩანაწერი № 38608)

000 -LEADER
fixed length control field 00681nam a2200205Ia 4500
001 - CONTROL NUMBER
control field 4748
003 - CONTROL NUMBER IDENTIFIER
control field GE_BSU
008 - FIXED-LENGTH DATA ELEMENTS--GENERAL INFORMATION
fixed length control field 181216s||||||||xx |||||||||||||| ||und||
020 ## - INTERNATIONAL STANDARD BOOK NUMBER
International Standard Book Number 5060000486
040 ## - CATALOGING SOURCE
Transcribing agency GE_BSU
100 ## - MAIN ENTRY--PERSONAL NAME
Personal name Шипачев В.С.
245 ## - TITLE STATEMENT
Title Основы высшей математики
245 ## - TITLE STATEMENT
Remainder of title Учебное пособие для студ. высш.. Технических учебних заведений
245 ## - TITLE STATEMENT
Statement of responsibility, etc. Под. ред. А.Н.Тихонова
260 ## - PUBLICATION, DISTRIBUTION, ETC.
Place of publication, distribution, etc. Москва
260 ## - PUBLICATION, DISTRIBUTION, ETC.
Name of publisher, distributor, etc. Высшая школа
300 ## - PHYSICAL DESCRIPTION
Extent 480 с. 21 см.
653 ## - INDEX TERM--UNCONTROLLED
Uncontrolled term Щсновы высшей математики
942 ## - ADDED ENTRY ELEMENTS (KOHA)
Koha item type წიგნი

არაა ხელმისაწვდომი ეგზემპლარები.